00711nam a2200169 i 450000100060000000300090000600500170001500700030003200800410003511001070007624501170018326000480030030000280034885200240037699900170040095201240041746719ES-MaACL20230906161432.0t|030331s1908 sp ||||1| spa d2 aAsociación Española para el Progreso de las Ciencias. bCongreso (n1º. d1908. cZaragoza)9169110aAsociación Española para el Progreso de las Ciencias b: primer congreso celebrado en la ciudad de Zaragoza. aMadrid : b[s.n., c1931] (fEduardo Arias) a8 t. en 3 v. ; c24 cm. aES-MaACLjD-8678-50 c46719d46719 00104070aATENEOMbATENEOMcSVId2008-01-17eSCl0oD-8678-50p901049138r2023-02-23 00:00:00w2023-02-23yMONOGRAFIA